000 00386pam a2200145 a 4500
020 _a8180614360
_c
041 _aeng
082 _a616.1
_bLUT
100 _aLUTHRA, A .
245 _aECHO MADE EASY (WITH CD) /
_cNULL.
_hTextual Documents
260 _aNULL :
_bLIPPINCOTT WILLIAMS & WILKINS ,
_c2005.
300 _a259 :
_bxiv ;
_cNULL .
930 _a1229
999 _c795765
_d795765
650 _aGEN.MEDICINE